| 000 | 00496nam a2200157Ia 4500 | ||
|---|---|---|---|
| 008 | 151213s9999 xx 000 0 und d | ||
| 020 | _a0-87207- 283-5 | ||
| 100 | _aVictoria J.Risco / Karen Bromley | ||
| 245 |
_aCelebration for Diverse learners _cVictoria J.Risco / Karen Bromley |
||
| 260 |
_aNew York _bInternational Reading Association _c2001 |
||
| 300 | _a6499 p. | ||
| 650 | _aEnglish Language | ||
| 650 | _aEnglish Language | ||
| 700 | _aVictoria J.Risco / Karen Bromley | ||
| 999 |
_c3589 _d3589 |
||